000 02021nam a2200289Ia 4500
999 _c37514
_d37514
001 3478
003 GE_BSU
005 20190620215019.0
008 181216s2005||||ge |||||||||||||| ||geo||
040 _cGE_BSU
041 _ageo
080 _a502.55+615.9 პ–18
100 _aპაპუნიძე, ვანო
_91737
245 _aმცენარე ჯანმრთელი გარემოსათვის = Plant for a healthy environment /
_cვ. პაპუნიძე, გ. ხატისაშვილი, თ. სადუნიშვილი ; რედ. გ. კვესიტაძე ; საქ. მეცნ. აკად. ბათუმის ბოტან. ბაღი, საქ. მეცნ. აკად. ბიოქიმ. და ბიოტექნ. ინ-ტი.
264 _aბათუმი :
_bაჭარა,
_c2005.
300 _a229 გვ.:
_bნახ.;
_c20 სმ.
504 _aბიბლიოგრ.: გვ. 220-229.
653 _aბიოლოგია
653 _aგარემოს დაცვა ტოქსიკური ქიმიური ნაერთებით დაბინძურებისგან;
653 _aტოქსიკანტების ზემოქმედება ადამიანის ჯანმრთელობაზე,
653 _aცხოველურ და მცენარეულ ორგანიზმებზე;
653 _aფიტორემედიაცია-ქიმიურად დაბინძურებული გარემოს გასუფთავების ეკოლოგიური ტექნოლოგია
700 _aხატისაშვილი, გია
_eავტორი
_92714
700 _aსადუნიშვილი, თინათინ
_eავტორი
_92715
700 _aკვესიტაძე, გ.
_eრედაქტორი
_92716
942 _cBK
_2udc